| 000 | 01391cam a22003857a 4500 | ||
|---|---|---|---|
| 003 | CHAP | ||
| 005 | 20220329142156.0 | ||
| 008 | 000131d mx r 00110 spa d | ||
| 010 | _a79596 | ||
| 011 | _a80568 | ||
| 035 | _a91019 | ||
| 040 | _cCHAP | ||
| 090 | _aTesis | ||
| 100 | 0 | 0 |
_aJorge Santos, Miguel. _962116 |
| 245 | 1 | 0 |
_aDensidades, arreglos de plantación y niveles de despunte en jitomate cultivado en hidroponia bajo invernadero _c/ por Miguel Jorge Santos |
| 260 |
_aChapingo, Méx. : _bEl autor, _c1999. |
||
| 300 |
_a98 h. : _bgráfs. |
||
| 502 | _aTesis (Maestro en Ciencias en Horticultura) -- UACH. Departamento de Fitotecnia | ||
| 590 |
_aALEPH _b10 _c20130110 _lUCH01 _h1432 |
||
| 590 |
_aBATCH-UPD _b10 _c20130110 _lUCH01 _h0657 |
||
| 590 |
_aBATCH-UPD _b10 _c20130410 _lUCH01 _h0342 |
||
| 590 |
_aBATCH-UPD _b10 _c20130914 _lUCH01 _h1129 |
||
| 590 |
_aCONVERSION _b10 _c20130109 _lUCH01 _h1344 |
||
| 650 | 1 | 4 |
_aCultivos en invernadero. _930376 |
| 650 | 1 | 4 |
_aHidroponía. _955280 |
| 650 | 1 | 4 |
_aTomate _xEspaciamiento. _9113716 |
| 650 | 1 | 4 |
_aTomate _xPropagación. _9113758 |
| 650 | 1 | 4 |
_aTomate _xRendimiento. _9113761 |
| 901 | _aBK | ||
| 905 | _aPatricia Mendoza P. | ||
| 942 | _cFOLL | ||
| 949 |
_bBC _cTES _d33724000753570 _eTS2 _fc.2 _h35147 _i91019 _sb |
||
| 949 |
_bBC _cTES _d33724000753588 _eTS2 _fc.3 _h35148 _i91019 _si |
||
| 949 |
_bBC _cTES _d910191 _eTS1 _h35146 _i91019 _sb |
||
| 999 |
_c79596 _d79596 |
||